| 000 | 00680caa a2200205 4500 | ||
|---|---|---|---|
| 999 |
_c459265 _d459265 |
||
| 001 | 216217987 | ||
| 003 | UA-OsUOA | ||
| 005 | 20200517235653.0 | ||
| 008 | 200517b un ||||| |||| 00| 0 ukr d | ||
| 040 |
_aUA-OsUOA _bukr _cUA-OsUOA _dUA-OsUOA |
||
| 041 | _aukr | ||
| 080 | _a908 | ||
| 090 | _a908 | ||
| 100 | _aГощук О. | ||
| 245 |
_aТри врятовані ікони: питання атрибуції та збереження _cО. Гощук |
||
| 300 | _aС. 244–249 | ||
| 650 | _2UDC | ||
| 773 | 0 |
_0399318 _9416566 _dОстрог НаУОА 2014 _o148881 _tОстрозький краєзнавчий збірник _w(UA-OsUOA) 113461 |
|
| 942 |
_2udc _cBKA |
||